000 00727nam a2200241Ia 4500
003 OSt
005 20220927120100.0
006 a|||||r|||| 00| 0
007 ta
008 220926b |||||||| |||| 00| 0 eng d
020 _a0306477548
024 _a25577
037 _cReference Collections
040 _aRTL
_cRTL
_beng
041 _2eng
_aeng
082 _a"Y9(L:5)k, P4.1-P4.2/RR"
245 0 _aENCYCLOPEDIA OF Medical anthropology
_b Health and i
260 _aBoston
_bKluwer Academic/Plenum Pub.
_c2004
490 _vV1: Topics (542p)
650 _aHealth Medical Sociology
_9355684
942 _h"Y9(L:5)k, P4.1-P4.2/RR"
_cCC
999 _c707255
_d707255